Statistics for Countries by Military Flags

Click here to take the quiz!

General Stats

  • This quiz has been taken 35 times
  • The average score is 6 of 15

Answer Stats

Answer% Correct
China
96%
Russia
74%
United States
74%
Taiwan
67%
Mongolia
63%
Brazil
37%
Estonia
33%
Ireland
33%
Colombia
26%
Japan
22%
South Korea
15%
Albania
11%
Georgia
11%
Argentina
7%
Nigeria
7%

Score Distribution

Percentile by Number Answered

Percent of People with Each Score

Your Score History

You have not taken this quiz